000 00291nam a2200133Ia 4500
100 _aHunt/Roger/ Shelley/J
942 _cBK
654 _acomputer
245 _aComputer And Commonsense
260 _bprentice hall
_aNew Delhi
_c1987
082 _a1.6
300 _a175
546 _aENGLISH
999 _c34090
_d34090